000 00907nam a22003377a 4500
001 BR2013002884
003 BR-BrBNA
005 20230928104154.0
007 ta
008 230509b bl.||||| |||| 00| 0 por d
040 _aBR-BrBNA
_bpor
_cBiblioteca Nacional de Agricultura
041 _a(Por)
090 _ BR2013002884
100 1 _aCastagnolli, N.
100 1 _aCyrino, J.E.P.
245 1 _aPiscicultura nos trópicos
250 1 _a1. ed.
260 3 _aSão Paulo, SP (Brasil):
_c1986.
300 _a152 p.
500 _aIncludes several bibliographies; Summary (Por); 56 illus.; 7 tables
650 _aPISCICULTURA
650 _aPEIXE
650 _aANATOMIA ANIMAL
650 _aMORFOLOGIA ANIMAL
650 _aFISIOLOGIA ANIMAL
650 _aTANQUE
650 _aREPRODUÇÃO ANIMAL
650 _aPEIXE DE ÁGUA DOCE
909 _a202309
_bLucia
_c55
_dLucia Elande
942 _cBK
999 _c78500
_d78500